Kazakhstan 2017

Saved in:
Bibliographic Details
Format: Book
Language:English
Published: Paris OECD 2017
Series:OECD Investment Policy Reviews
Subjects:
Tags: Add Tag
No Tags, Be the first to tag this record!

MARC

LEADER 00000nam a2200000 4500
001 0240779
005 20240314123108.1
020 |a 978-92-64-26958-3 
041 0 |a eng 
044 |a FR 
245 1 0 |a Kazakhstan 2017 
264 1 |a Paris  |b OECD  |c 2017 
300 |a 322 s. 
490 1 |a OECD Investment Policy Reviews 
830 0 |a OECD Investment Policy Reviews 
610 2 0 |a politika investičná 
610 2 0 |a investície priame zahraničné 
610 2 0 |a rozvoj hospodársky 
610 2 0 |a dohody medzinárodné 
610 2 0 |a investori 
610 2 0 |a regulácia štátna 
610 2 0 |a politika daňová 
610 2 0 |a politika obchodná 
610 2 0 |a riadenie podnikové 
610 2 0 |a podnik multinacionálny 
610 2 0 |a deklarácia 
610 2 0 |a Kazachstan